000 00496nam a2200193Ia 4500
003 GCL
008 140319s9999 xx 000 0 eng d
040 _aGCL /
_cGCL
082 0 4 _a690
_bB G
100 1 _aBLAND,S.
245 1 0 _aGRADED EXERCISES IN TECHNICAL DRAWING /
_cBLAND,S.
260 _a[S.N] :
_bELBS LONGMAN ،
_c1990
300 _a188 P
650 0 4 _aالتحليل الرياضى
650 0 4 _aBUILDINGS
650 0 4 _aDRAWING, TECHNICAL
650 0 4 _aGEOMETRY
942 _2ddc
_cBK
999 _c20279
_d20279